Přechod na daň z přidané hodnoty.

Daň z pridanej hodnoty, ktorá má byť do praxe zavedená 1.1.1993, patrí do kategórie nepriamych daní, ktoré vždy predstavujú určitú prirážku k cene. Základom jej určenia je pridaná hodnota, ktorú môže v zjednodušenej podobe predstavovať ukazovateľ vlastných výkonov. Základná schéma zdanenia a schéma...

Descripción completa

Guardado en:
Detalles Bibliográficos
Autor principal: Klak, J.
Formato: Capítulo de libro
Lenguaje:checo
Materias:
Etiquetas: Agregar Etiqueta
Sin Etiquetas, Sea el primero en etiquetar este registro!

MARC

LEADER 00000naa a2200000 4500
001 r004491
005 20221125080218.9
041 0 |a cze 
044 |a [CS] 
245 1 0 |a Přechod na daň z přidané hodnoty.  |c J. Klak 
520 |a Daň z pridanej hodnoty, ktorá má byť do praxe zavedená 1.1.1993, patrí do kategórie nepriamych daní, ktoré vždy predstavujú určitú prirážku k cene. Základom jej určenia je pridaná hodnota, ktorú môže v zjednodušenej podobe predstavovať ukazovateľ vlastných výkonov. Základná schéma zdanenia a schéma spôsobu evidencie a inkasa dane z pridanej hodnoty. Zdôvodnenie jedinej sadzby DPH. Riziká vznikajúce pri uplatňovaní dane. Predpoklady úspešného zavedenia dane. 
610 2 0 |a dane z hodnoty pridanej 
610 2 0 |a ČSFR 
610 2 0 |a ceny 
610 2 0 |a politika daňová 
610 2 0 |a sadzby daňové 
100 1 |a Klak, J.